LEADER 01674nam a2200313 i 4500 001 000000255130 003 CaOOAMICUS 005 20200526101700.0 008 170725s1691 it u000 u ita u 013 $a234035 026 $ao.sa ina. s.lo TuMi (3) 1691 (A) 040 $aSeMil$bita 110 2 $aTerziari francescani regolari.$0(OLS)http://semarc/name/94443 245 10$aEsequie con le quali si suffragano l'anime de' morti Fratelli nelle case loro da' penitenti tertiarii di s. Francesco della vener. Congregatione eretta nella Cappella di S. Anna nella CHiesa di S. Maria della Pace in Milano. 260 $aIn Milano :$bPer Carlo Federico Gagliardi,$c1691. 300 $a20 p. ;$c8°. 500 $aEmblema della congregazione dei secolari sul v. del front. 500 $aSegn.: [a]10 500 $aIniz. xilogr. 500 $aVignetta xilogr. (Due teschi. Hodie mihi, cras tibi) sul front. 650 4$aCongregazioni e confraternite religiose - Milano - Sec. 16.-18.$0(OLS)http://semarc/subject/49109 700 1 $aGagliardi, Carlo Federico,$d.$0(OLS)http://semarc/name/14692 850 $aSeMil 852 $aSeMil$W1$xVenegono$y1$m3Z I 7/15 FA$j205476$B205476$CSeMilBibl$Z2$F218816 $8I 941 1 $a10 961 $aRecupero: Mantegazza 996 $6245$aEsequie con le quali si suffragano l'anime de' morti Fratelli nelle case loro da' penitenti tertiarii di s. Francesco della vener. Congregatione eretta nella Cappella di S. Anna nella CHiesa di S. Maria della Pace in Milano$9(OLS)http://semarc/title/411469 996 $6260$aIn Milano :$bPer Carlo Federico Gagliardi$9(OLS)http://semarc/publisher/39054 LEADER 00967nam a2200241 i 4500 001 000000087469 003 CaOOAMICUS 005 20210409122648.0 008 180830s1974 xx u000 u und u 013 $a59709 040 $aSeMil$bita 100 1 $aDalla Volta, Amedeo.$0(OLS)http://semarc/name/39987 245 10$aDizionario di psicologia /$cAmedeo Dalla Volta. 260 $aFirenze :$bGiunti-Barbčra,$c1974. 300 $a998 p. 490 0 $aBiblioteca Internazionale di Psicologia 650 4$aPsicologia - Enciclopedie e dizionari.$0(OLS)http://semarc/subject/782 830 0$aBiblioteca internazionale di psicologia.$0(OLS)http://semarc/title/22679 850 $aSeMil 852 $aSeMil$W1$xVenegono$y1$m104 1 2 *$j50952$B50952$CSeMilBibl$Z2$F55068 $81 996 $6245$aDizionario di psicologia$9(OLS)http://semarc/title/222996 996 $6260$aFirenze :$bGiunti-Barbčra$9(OLS)http://semarc/publisher/31462